000
00217nam a2200097Ia 4500
008
191206s9999 xx 000 0 und d
020
_a
582331358
090
_a
QD33A2
245
0
_a
CERTIFICATE CHEMISTRY
260
_c
c1964
999
_c
15646
_d
15646